South Eastern Kenya University

Library Online Public Access Catalogue


Resource book on sustainable agriculture for the uplands (Record no. 18542)

MARC details
000 -LEADER
fixed length control field 00568nam a22001577a 4500
003 - CONTROL NUMBER IDENTIFIER
control field OSt
005 - DATE AND TIME OF LATEST TRANSACTION
control field 20250507115431.0
008 - FIXED-LENGTH DATA ELEMENTS--GENERAL INFORMATION
fixed length control field 250507b |||||||| |||| 00| 0 eng d
040 ## - CATALOGING SOURCE
Original cataloging agency SEKU
050 ## - LIBRARY OF CONGRESS CALL NUMBER
Classification number S604.3
Item number .R47
245 ## - TITLE STATEMENT
Title Resource book on sustainable agriculture for the uplands
Statement of responsibility, etc. edited by Lyn N. Capistrano, Janet Durno, Ilya Moeliono
260 ## - PUBLICATION, DISTRIBUTION, ETC. (IMPRINT)
Place of publication, distribution, etc. [Silang, Cavite] :
Name of publisher, distributor, etc. International Institute of Rural Reconstruction,
Date of publication, distribution, etc. 1990.
300 ## - PHYSICAL DESCRIPTION
Extent 199 p. : ill.
650 ## - SUBJECT ADDED ENTRY--TOPICAL TERM
Source of heading or term Hill farming-
General subdivision ustainable agriculture
Geographic subdivision Southeast Asia-
-- Congresses
942 ## - ADDED ENTRY ELEMENTS (KOHA)
Source of classification or shelving scheme Library of Congress Classification
Koha item type General circulation
Holdings
Withdrawn status Lost status Source of classification or shelving scheme Damaged status Not for loan Home library Current library Shelving location Date acquired Source of acquisition Total Checkouts Full call number Barcode Date last seen Price effective from Koha item type
    Library of Congress Classification     SEHSS - Library SEHSS - Library General Stacks 07/05/2025 Donation   S604.3 .R47 2023026296 07/05/2025 07/05/2025 General circulation
Kitui, Kenya.
+254736116989
library@seku.ac.ke